[Event "Titled Tuesday intern op 04th Jul Early"]
[Site "Chess.com INT"]
[Date "2023.07.04"]
[Round "2"]
[White "Souza, Juarez Leal De"]
[Black "Castor, David"]
[Result "0-1"]
[WhiteElo "2254"]
[BlackElo "1991"]
[PlyCount "62"]
[EventDate "2023.07.04"]
[EventType "swiss (blitz)"]
[EventRounds "11"]
[EventCountry "USA"]
[SourceTitle "EXT 2024"]
[Source "ChessBase"]
[SourceDate "2023.10.10"]
[SourceVersion "1"]
[SourceVersionDate "2023.10.10"]
[SourceQuality "1"]

1. e4 c6 2. d4 d5 3. Nc3 dxe4 4. Nxe4 Nf6 5. Nxf6+ exf6 6. c3 Bd6 7. Bd3 0-0 8. Qc2 h5 9. Ne2 Re8 10. Be3 Be6 11. 0-0-0 Na6 12. Kb1 Nc7 13. h3 Nd5 14. Bc1 Qa5 15. b3 b5 16. Rhg1 Rab8 17. g4 h4 18. g5 f5 19. g6 f6 20. Bd2 Qa3 21. Bxf5 Bxf5 22. Qxf5 Rxe2 23. Qh5 Nxc3+ 24. Kc2 Nd5 25. Qxe2 Qxa2+ 26. Kd3 Bb4 27. Qe6+ Kh8 28. Rge1 Qxb3+ 29. Ke4 Bxd2 30. Rxd2 Qc3 31. Kf5 Qf3# 0-1

[Event "Titled Tuesday intern op 20th Jun Early"]
[Site "Chess.com INT"]
[Date "2023.06.20"]
[Round "7"]
[White "Hajiyev, Kanan"]
[Black "Souza, Juarez Leal De"]
[Result "1-0"]
[WhiteElo "2164"]
[BlackElo "2254"]
[PlyCount "135"]
[EventDate "2023.06.20"]
[EventType "swiss (blitz)"]
[EventRounds "11"]
[EventCountry "USA"]
[SourceTitle "EXT 2024"]
[Source "ChessBase"]
[SourceDate "2023.10.10"]
[SourceVersion "1"]
[SourceVersionDate "2023.10.10"]
[SourceQuality "1"]

1. d4 Nf6 2. Nf3 g6 3. b3 Bg7 4. Bb2 0-0 5. g3 d5 6. Bg2 c6 7. 0-0 Bf5 8. c4 Nbd7 9. Nc3 Ne4 10. Nxe4 Bxe4 11. e3 e6 12. Bh3 Bxf3 13. Qxf3 Nf6 14. Rfe1 Ne4 15. Bg2 a5 16. Qe2 f5 17. f3 Nd6 18. Rad1 a4 19. e4 fxe4 20. fxe4 axb3 21. axb3 dxc4 22. e5 Nf5 23. bxc4 Bh6 24. Qe4 Ra2 25. Bc3 Qb6 26. Rb1 Qa6 27. d5 cxd5 28. cxd5 Qa7+ 29. Kh1 Ne3 30. Bd4 Nxg2 31. Bxa7 Nxe1 32. Rxe1 Rxa7 33. dxe6 Bg7 34. e7 Re8 35. Qd5+ Kh8 36. Qd7 Raa8 37. Qxb7 Rab8 38. Qd7 h6 39. h4 h5 40. Kg2 Kg8 41. Kh3 Kh7 42. Re4 Ra8 43. e6 Bf6 44. Rf4 Rxe7 45. Qd5 Rf8 46. Qd6 Kg7 47. Re4 Rfe8 48. Qd5 Kg8 49. Re2 Kg7 50. Re4 Kg8 51. Qc4 Kg7 52. Qe2 Kg8 53. g4 hxg4+ 54. Kxg4 Rg7 55. Kh3 Ree7 56. Qg4 Kh7 57. Kg2 Kg8 58. Re2 Kh7 59. Kf3 g5 60. h5 Kh6 61. Qf5 Ra7 62. Kg4 Ra4+ 63. Re4 Rxe4+ 64. Qxe4 Be7 65. Qf5 Bd6 66. Qd5 Be7 67. Qc6 Bf6 68. e7 1-0

[Event "Titled Tuesday intern op 20th Jun Early"]
[Site "Chess.com INT"]
[Date "2023.06.20"]
[Round "9"]
[White "Kohler, Aran"]
[Black "Souza, Juarez Leal De"]
[Result "1/2-1/2"]
[WhiteElo "2010"]
[BlackElo "2254"]
[PlyCount "79"]
[EventDate "2023.06.20"]
[EventType "swiss (blitz)"]
[EventRounds "11"]
[EventCountry "USA"]
[SourceTitle "EXT 2024"]
[Source "ChessBase"]
[SourceDate "2023.10.10"]
[SourceVersion "1"]
[SourceVersionDate "2023.10.10"]
[SourceQuality "1"]

1. d4 Nf6 2. Nf3 g6 3. Bg5 Bg7 4. Nbd2 0-0 5. e3 d6 6. Bd3 b6 7. h4 Bb7 8. c3 h5 9. Qb3 e6 10. 0-0-0 c5 11. dxc5 dxc5 12. Ne4 Qe7 13. Ne5 Nc6 14. Nxc6 Bxc6 15. Nxf6+ Bxf6 16. Bxf6 Qxf6 17. f3 Rfd8 18. Bb5 Bxb5 19. Qxb5 Rxd1+ 20. Kxd1 Rd8+ 21. Ke2 Qf5 22. Qb3 c4 23. e4 Qf4 24. Qc2 Qg3 25. Kf1 Rd3 26. Rh3 Qd6 27. Ke2 f5 28. exf5 Qe5+ 29. Kf2 Qe3+ 30. Kg3 exf5 31. Kh2 Rd2 32. Qa4 Qf4+ 33. Rg3 Qxh4+ 34. Rh3 Qf4+ 35. Rg3 h4 36. Qe8+ Kg7 37. Qe7+ Kg8 38. Qe8+ Kg7 39. Qe7+ Kg8 40. Qe8+ 1/2-1/2

[Event "Titled Tuesday intern op 20th Dec Late"]
[Site "Chess.com INT"]
[Date "2022.12.20"]
[Round "3"]
[White "Antonio, Jorge Carlos"]
[Black "Souza, Juarez Leal De"]
[Result "0-1"]
[WhiteElo "2277"]
[BlackElo "2335"]
[PlyCount "84"]
[EventDate "2022.12.20"]
[EventType "swiss (blitz)"]
[EventRounds "11"]
[EventCountry "USA"]
[SourceTitle "EXT 2024"]
[Source "ChessBase"]
[SourceDate "2023.10.10"]
[SourceVersion "1"]
[SourceVersionDate "2023.10.10"]
[SourceQuality "1"]

1. e4 c5 2. c3 d5 3. e5 Nc6 4. d4 e6 5. Nf3 Qb6 6. Be2 Nge7 7. 0-0 Nf5 8. dxc5 Bxc5 9. Nbd2 h5 10. Nb3 Be7 11. Bd3 g6 12. Re1 Bd7 13. Qc2 Rc8 14. Bxf5 gxf5 15. Bg5 Bxg5 16. Nxg5 h4 17. h3 a5 18. Qd2 a4 19. Nd4 Nxd4 20. cxd4 Rc4 21. Nf3 Bb5 22. Qg5 Rc2 23. Rac1 Bd3 24. Rxc2 Bxc2 25. Rc1 Qxb2 26. Qd2 Qxa2 27. Rxc2 Qb1+ 28. Kh2 Kd7 29. Qc3 Qb6 30. Rb2 Qc6 31. Qb4 Rb8 32. Ra2 b5 33. Ng5 Ke8 34. Nh7 Rc8 35. Qf8+ Kd7 36. Qxf7+ Kd8 37. Nf6 Rb8 38. Qf8+ Kc7 39. Qe7+ Kb6 40. Nd7+ Ka7 41. Nxb8+ Kxb8 42. Qd8+ Kb7 0-1

[Event "Titled Tuesday intern op 20th Dec Late"]
[Site "Chess.com INT"]
[Date "2022.12.20"]
[Round "11"]
[White "Souza, Juarez Leal De"]
[Black "Ardila, Oscar Humberto"]
[Result "1-0"]
[WhiteElo "2335"]
[BlackElo "1997"]
[PlyCount "121"]
[EventDate "2022.12.20"]
[EventType "swiss (blitz)"]
[EventRounds "11"]
[EventCountry "USA"]
[SourceTitle "EXT 2024"]
[Source "ChessBase"]
[SourceDate "2023.10.10"]
[SourceVersion "1"]
[SourceVersionDate "2023.10.10"]
[SourceQuality "1"]

1. e4 e5 2. Nf3 Nc6 3. Bb5 a6 4. Ba4 Nf6 5. 0-0 b5 6. Bb3 Be7 7. Re1 0-0 8. h3 d6 9. c3 Na5 10. Bc2 c5 11. d3 Qc7 12. Nbd2 c4 13. d4 Nc6 14. d5 Nb8 15. Nf1 Nbd7 16. Ng3 Nc5 17. Nh2 a5 18. Qf3 b4 19. Nf5 Bxf5 20. Qxf5 Qd7 21. Qf3 h6 22. Be3 Rfc8 23. Nf1 Rab8 24. Bxc5 Rxc5 25. Ne3 a4 26. cxb4 Rxb4 27. Rab1 g6 28. Rec1 Bd8 29. a3 Rb8 30. Qd1 Ra8 31. Qe2 Qc8 32. f3 Nh5 33. Qd1 Bg5 34. Kf2 c3 35. b3 axb3 36. Rxb3 Rb8 37. Rcb1 Rxb3 38. Rxb3 Kg7 39. a4 Qa6 40. Rb4 Qa7 41. Qd3 Nf4 42. Qf1 Qa5 43. Qb1 Rc7 44. Rb5 Qa7 45. Rb6 Nh5 46. Ng4 Bh4+ 47. Ke2 f5 48. exf5 Nf4+ 49. Kf1 h5 50. Ne3 Qa5 51. fxg6 Kf6 52. Rxd6+ Kg7 53. Nf5+ Kg8 54. Nxh4 Qc5 55. Rd8+ Kg7 56. Nf5+ Kf6 57. g7 Rxg7 58. Nxg7 Kxg7 59. Qb7+ Kf6 60. Qc6+ Qxc6 61. dxc6 1-0

[Event "Titled Tuesday intern op 20th Dec Late"]
[Site "Chess.com INT"]
[Date "2022.12.20"]
[Round "2"]
[White "Souza, Juarez Leal De"]
[Black "Musovic, Armin"]
[Result "0-1"]
[WhiteElo "2335"]
[BlackElo "2237"]
[PlyCount "142"]
[EventDate "2022.12.20"]
[EventType "swiss (blitz)"]
[EventRounds "11"]
[EventCountry "USA"]
[SourceTitle "EXT 2024"]
[Source "ChessBase"]
[SourceDate "2023.10.10"]
[SourceVersion "1"]
[SourceVersionDate "2023.10.10"]
[SourceQuality "1"]

1. e4 c6 2. d4 d5 3. Nc3 dxe4 4. Nxe4 Nf6 5. Nxf6+ exf6 6. c3 Bd6 7. Bd3 0-0 8. Qc2 Re8+ 9. Ne2 Kh8 10. Bd2 Nd7 11. 0-0-0 Nf8 12. Rde1 Qc7 13. h4 Be6 14. Kb1 c5 15. h5 h6 16. dxc5 Bxc5 17. Nd4 Bd5 18. f3 Qb6 19. Nb3 Bf2 20. Rxe8 Rxe8 21. Rd1 a6 22. Bc1 Bg3 23. Bf5 Bc4 24. Nd4 Re5 25. Bd3 Bxd3 26. Qxd3 Rxh5 27. Ne2 Bc7 28. Qc4 Ne6 29. Rd7 Kg8 30. Nd4 Qc5 31. Qd3 Nxd4 32. Rxd4 Rh1 33. Re4 Be5 34. Kc2 Qf2+ 35. Bd2 Qf1 36. Qxf1 Rxf1 37. f4 Bd6 38. g3 Rg1 39. Rd4 Bc5 40. Rd7 Rg2 41. Kd3 Rxg3+ 42. Kc4 Be3 43. Bxe3 Rxe3 44. Rxb7 Re4+ 45. Kb3 Rxf4 46. Ra7 h5 47. Rxa6 h4 48. Ra5 g6 49. Rd5 h3 50. Rd1 h2 51. Rh1 Rh4 52. a4 Kg7 53. a5 Rh8 54. a6 g5 55. a7 g4 56. Rxh2 Ra8 57. Rh4 f5 58. Kc4 Rxa7 59. b4 Kg6 60. b5 Rc7+ 61. Kb4 g3 62. Rh8 f6 63. b6 Rg7 64. c4 g2 65. c5 g1Q 66. Kb5 Qb1+ 67. Kc6 f4 68. Rd8 Qe4+ 69. Kb5 f3 70. c6 f2 71. c7 f1Q+ 0-1

[Event "Titled Tuesday intern op 20th Dec Late"]
[Site "Chess.com INT"]
[Date "2022.12.20"]
[Round "7"]
[White "Souza, Juarez Leal De"]
[Black "Torres Dominguez, David"]
[Result "1-0"]
[WhiteElo "2335"]
[BlackElo "1998"]
[PlyCount "75"]
[EventDate "2022.12.20"]
[EventType "swiss (blitz)"]
[EventRounds "11"]
[EventCountry "USA"]
[SourceTitle "EXT 2024"]
[Source "ChessBase"]
[SourceDate "2023.10.10"]
[SourceVersion "1"]
[SourceVersionDate "2023.10.10"]
[SourceQuality "1"]

1. e4 Nc6 2. Nf3 e5 3. Bb5 Nge7 4. 0-0 g6 5. c3 Bg7 6. d4 0-0 7. d5 a6 8. Ba4 Na7 9. c4 d6 10. h3 c5 11. dxc6 Naxc6 12. Nc3 Qc7 13. Qe2 Nd4 14. Nxd4 exd4 15. Nd5 Nxd5 16. cxd5 b5 17. Bb3 f5 18. Bd2 fxe4 19. Qxe4 Bf5 20. Qh4 Qf7 21. Rac1 Bf6 22. Bg5 Bxg5 23. Qxg5 Bd3 24. Rfd1 Qxf2+ 25. Kh1 Be4 26. Rc7 Qf5 27. Qxf5 Bxf5 28. Rxd4 Rf7 29. Rc6 Rd7 30. a4 Re8 31. Rxa6 Re2 32. axb5 Rxb2 33. Rb4 Re7 34. Ra2 Rxa2 35. Bxa2 Re2 36. b6 Be4 37. b7 Bxg2+ 38. Kg1 1-0

[Event "Titled Tuesday intern op 20th Dec Late"]
[Site "Chess.com INT"]
[Date "2022.12.20"]
[Round "6"]
[White "Zhukov, Maksim"]
[Black "Souza, Juarez Leal De"]
[Result "1-0"]
[WhiteElo "1835"]
[BlackElo "2335"]
[PlyCount "103"]
[EventDate "2022.12.20"]
[EventType "swiss (blitz)"]
[EventRounds "11"]
[EventCountry "USA"]
[SourceTitle "EXT 2024"]
[Source "ChessBase"]
[SourceDate "2023.10.10"]
[SourceVersion "1"]
[SourceVersionDate "2023.10.10"]
[SourceQuality "1"]

1. Nf3 Nf6 2. g3 c6 3. Bg2 d5 4. 0-0 Bf5 5. c4 e6 6. d4 Nbd7 7. Nc3 h6 8. Nd2 Be7 9. e4 dxe4 10. Ndxe4 0-0 11. h3 Nxe4 12. Nxe4 Nf6 13. Nc3 Qa5 14. Be3 Rfd8 15. Qb3 Rd7 16. Rfd1 Rad8 17. Rac1 Bf8 18. a3 Qa6 19. Rd2 Qa5 20. Rcd1 Bg6 21. Qa2 Qh5 22. b4 Bd6 23. d5 exd5 24. cxd5 cxd5 25. Nxd5 Nxd5 26. Rxd5 Bxg3 27. fxg3 Rxd5 28. Rxd5 Rxd5 29. Qxd5 Qe2 30. Bd4 Qd3 31. Kh2 Qxa3 32. Qxb7 a5 33. Qa8+ Kh7 34. Qxa5 Qd3 35. Qe5 f6 36. Qe3 Qb5 37. Bc5 h5 38. h4 Qd7 39. Be4 Bxe4 40. Qxe4+ Kg8 41. Qc4+ Kh7 42. Bf2 Qd2 43. Qd4 Qe2 44. Qe3 Qf1 45. Qe4+ Kg8 46. Qg2 Qc4 47. Bc5 Kh7 48. Qd2 g6 49. Qd7+ Kg8 50. Qe8+ Kg7 51. Qf8+ Kh7 52. Qxf6 1-0